| 000 | 00905nam a2200241 a 4500 | ||
|---|---|---|---|
| 001 | 000022605 | ||
| 005 | 20200930021708.0 | ||
| 008 | 101014s1956 fr ac 001 0 spa d | ||
| 020 | _a9993580449 | ||
| 040 |
_aDO-SdBNP _bspa _cBNPHU |
||
| 041 | 1 | 7 | _afre |
| 100 | 1 |
_aSaint-Rémy, Joseph _946519 |
|
| 240 | 1 | 3 |
_aPetion et Hait: _bétude monographique et historique _lfrancés |
| 245 | 1 | 0 |
_aPetion et Haiti : _bétude monographique et historique / _cJoseph Saint-Rémy. |
| 250 | _a2a. ed. | ||
| 260 |
_aParis : _bLibrairie Beger -Levrault, _c1956 _eSanto Domingo: _fFundación Global Democracia y Desarrollo _g2007 |
||
| 300 |
_1v. _c22 cm. |
||
| 490 | 1 | _aDu bicentenaire Haití 1804-2004 | |
| 500 | _aLa biblioteca posee el v. 1, cinco tomos incluido | ||
| 500 | _aIncluye referencias bibligráficas y notas al pie de las páginas | ||
| 830 | 0 |
_aDu bicentenaire Haití 1804-2004 _946520 |
|
| 049 | _aBNPD | ||
| 999 |
_c22102 _d22102 |
||